Wireless Networks and Mobile Computing (Record no. 9591)
[ view plain ]
| 000 -LEADER | |
|---|---|
| fixed length control field | 00609nam a22002057a 4500 |
| 003 - CONTROL NUMBER IDENTIFIER | |
| control field | OSt |
| 005 - DATE AND TIME OF LATEST TRANSACTION | |
| control field | 20251112125606.0 |
| 008 - FIXED-LENGTH DATA ELEMENTS--GENERAL INFORMATION | |
| fixed length control field | 251112b |||||||| |||| 00| 0 eng d |
| 020 ## - INTERNATIONAL STANDARD BOOK NUMBER | |
| International Standard Book Number | 9781482227932 |
| 040 ## - CATALOGING SOURCE | |
| Transcribing agency | DDC |
| 082 ## - DEWEY DECIMAL CLASSIFICATION NUMBER | |
| Classification number | 384.5 SIN 2023 |
| 100 ## - MAIN ENTRY--PERSONAL NAME | |
| Personal name | Sinha, Koushik; Ghosh, Sasthi C.; Sinha, Bhabani P. |
| 9 (RLIN) | 19517 |
| 245 ## - TITLE STATEMENT | |
| Title | Wireless Networks and Mobile Computing |
| 260 ## - PUBLICATION, DISTRIBUTION, ETC. (IMPRINT) | |
| Place of publication, distribution, etc. | Boca Raton; CRC Press, 2023 |
| 300 ## - PHYSICAL DESCRIPTION | |
| Extent | xiii, 519p.; Ill: 23.5cm |
| 504 ## - BIBLIOGRAPHY, ETC. NOTE | |
| Bibliography, etc | Bibliography & index included |
| 650 ## - SUBJECT ADDED ENTRY--TOPICAL TERM | |
| Topical term or geographic name as entry element | Wireless communication |
| 9 (RLIN) | 7838 |
| 650 ## - SUBJECT ADDED ENTRY--TOPICAL TERM | |
| Topical term or geographic name as entry element | wireless networks |
| 9 (RLIN) | 19518 |
| 942 ## - ADDED ENTRY ELEMENTS (KOHA) | |
| Source of classification or shelving scheme | Dewey Decimal Classification |
| Koha item type | Open Shelf |
| Withdrawn status | Lost status | Source of classification or shelving scheme | Damaged status | Not for loan | Home library | Current library | Date acquired | Source of acquisition | Inventory number | Total Checkouts | Full call number | Barcode | Date last seen | Koha item type |
|---|---|---|---|---|---|---|---|---|---|---|---|---|---|---|
| Dewey Decimal Classification | Main Kihumuro Campus | Main Kihumuro Campus | 12/11/2025 | Purchase | 25/42460 | 384.5 SIN 2023 | 2025-0189 | 12/11/2025 | Open Shelf | |||||
| Dewey Decimal Classification | Main Kihumuro Campus | Main Kihumuro Campus | 12/11/2025 | Purchase | 25/42461 | 384.5 SIN 2023 | 2025-0190 | 12/11/2025 | Open Shelf |
